000 00931cab a2200277 4500
001 ABS67632
008 040402n2004 000 0 eng u
035 _a(Sirsi) u125726
100 _aMarx, S.
245 _aMadrid office market
260 _c2004
490 _aProperty Forecast
_v7(3) March 2004, 6-7(2)
520 _aLooks at the prospects for the Madrid office market. Discusses office space demand, lettings, submarkets, expansion and development, rents and investment activity. Concludes that compared to many other European markets, Madrid's short and long-term outlooks are quite positive. Graphs.
590 _aABS
650 _aMADRID
650 _aSPAIN
650 _aEUROPE
650 _aOFFICE SPACE
650 _aLETTINGS
650 _aECONOMY
650 _aINVESTMENT
650 _aECONOMIC OUTLOOK
650 _aPROPERTY-COMMERCIAL PROPERTY
690 _aINTERNATIONAL-EUROPE
942 _n0
999 _c74350
_d74350